000 00465nam a2200193Ia 4500
003 OSt
005 20240118101541.0
008 210210b1920 xxu||||| |||| 00| 0 eng d
040 _cAL
041 _aeng
082 _a330/469
100 _aWEBB (S)
_9148143
245 _aProblems of modern industry
260 _aNew York
_bLongman Green & Co Ltd.,
_c1920
690 _aEconomics
_9148144
700 _aWEBB (B)
_9148145
906 _a003872
942 _2ddc
_cBK
999 _c121246
_d121246